000 00749nam a22002177a 4500
005 20260507111200.0
010 _aENG-148386
020 _c250.00
_a9789388398534
035 _aEN-131918
037 _bDBAD
082 _a005.72
_21
100 _aS. Jeevitha
_989016
245 _aMacro Economics/
_cS. Jeevitha; M. Indirani [and] D. Rasi
250 _a1
260 _aTamil Nadu, India
_bShanlax Publications
_c2019
270 _bTamil Nadu
_aShanlax Publications, Vasantha Nagar, Madurai, Tamil Nadu
_e625003
_mwww.shanlaxpublications.com
_mpublisher@shanlaxpublications.com
300 _a166p.
_c22cm (pb)
700 _aM. Indirani
_eAuthor
_968236
700 _aD. Rasi
_eAuthor
_968237
942 _2ddc
_cEN
_h005.72
_mSJE
_e1
999 _c216085
_d216085